Statistics for Europas lande

Click here to take the quiz!

General Stats

  • This quiz has been taken 58 times
  • The average score is 32 of 47

Answers on the Map

Answers color-coded by a green-red scale on the quiz's map according to % correct below.
 

Answer Stats

Land% Correct
dDanmark
96%
sSverige
93%
fFinland
89%
iIrland
89%
nNorge
89%
iIsland
85%
iItalien
85%
rRusland
85%
sSpanien
85%
tTyskland
85%
eEstland
81%
fFrankrig
81%
pPortugal
81%
aAlbanien
78%
bBelgien
78%
gGrækenland
78%
lLetland
78%
øØstrig
78%
pPolen
74%
uUkraine
74%
bBulgarien
70%
hHviderusland
67%
sSchweiz
67%
tTjekkiet
67%
hHolland
63%
sSlovenien
63%
tTyrkiet
63%
kKroatien
59%
lLitauen
59%
mMalta
59%
rRumænien
59%
sSlovakiet
59%
aAndorra
56%
bBosnien-Hercegovina
56%
cCypern
56%
kKosovo
56%
lLuxembourg
56%
uUngarn
56%
vVatikanstaten
56%
mMoldova
48%
sSan Marino
48%
sStorbritannien
48%
mMakedonien
44%
mMonaco
44%
sSerbien
44%
mMontenegro
37%
lLiechtenstein
33%

Score Distribution

Percentile by Number Answered

Percent of People with Each Score

Your Score History

You have not taken this quiz